000 00398nam a2200157Ia 4500
005 20250923144548.0
008 008 250917s9999 xx 000 0 eng d
037 _aReports
040 _aDSWL
_beng
_cDSWL
041 _aeng
_2eng
084 _qDSWL
245 0 _aTextiles & ornaments of India
260 _aNew Delhi
_b Ford Foundations
_c1956
942 _cREP
999 _c1440516
_d1440516